| 000 | 00440nam a22001697a 4500 | ||
|---|---|---|---|
| 999 |
_c2562 _d2562 |
||
| 003 | OSt | ||
| 005 | 20181016162259.0 | ||
| 008 | 181016b ||||| |||| 00| 0 eng d | ||
| 040 | _cDLC | ||
| 082 |
_a230 _bS785P |
||
| 100 | _aStanford, Miles J. | ||
| 245 |
_aPauline Dispensationalism/ _cBy Miles J. Stanford. |
||
| 260 |
_aColorado, USA : _bColorado Springs, _cc1993. |
||
| 300 | _a106 p.: | ||
| 650 | _aDispensationalism | ||
| 942 |
_2ddc _cBK |
||